000 00689nam a2200217Ii 4500
003 JO-AjNU
008 230605s9999||||xx |||||||||||||| ||und||
017 _a1977/4608
020 _a977-201-386
040 _aJO-AjNU
_bara
_erda
_cJO-AjNU
041 _aara
050 1 4 _aPJ7677 1977
100 3 _aشلش، علي,
_eauthor
_949354
245 0 0 _aعزيزتي الحقيقة وقصص أخرى
264 3 1 _aالقاهرة: الهيئة المصرية العامة للكتاب، 1977
300 _a155ص
336 _atext
_btxt
_2rdacontent
337 _aunmediated
_bn
_2rdamedia
338 _avolume
_bnc
_2rdacarrier
650 4 _aقصص - ادب عربي - عصر حديث
_949355
999 _aA21672
_c25240
_d25240